000 00301nam a22001337a 4500
008 170718b xxu||||| |||| 00| 0 eng d
020 _a9780674010901
041 _aeng
080 _a2
100 _a24
101 _aTEO
245 _aJIHAD/ THE TRAIL OF POLITICAL ISLAM
_cKEPEL, G
942 _2udc
_cBK
999 _c21429
_d21429